Jesus of Nazarerth the Messiah or Christ (Record no. 8898)
[ view plain ]
| 000 -LEADER | |
|---|---|
| fixed length control field | 00454nam a22001337a 4500 |
| 003 - CONTROL NUMBER IDENTIFIER | |
| control field | OSt |
| 005 - DATE AND TIME OF LATEST TRANSACTION | |
| control field | 20191109142834.0 |
| 008 - FIXED-LENGTH DATA ELEMENTS--GENERAL INFORMATION | |
| fixed length control field | 191109b ||||| |||| 00| 0 eng d |
| 040 ## - CATALOGING SOURCE | |
| Transcribing agency | DDC |
| 082 ## - DEWEY DECIMAL CLASSIFICATION NUMBER | |
| Edition number | 23 |
| Classification number | 232.1 |
| Item number | R947J |
| 100 ## - MAIN ENTRY--PERSONAL NAME | |
| Personal name | Rupwate, Daniel D |
| 245 ## - TITLE STATEMENT | |
| Title | Jesus of Nazarerth the Messiah or Christ |
| Remainder of title | Thirty-two Textual Sermon on Proving Jesus of Nazareth as Messaiah or Christ with an essay 'A theological Significance of Forty days" |
| 942 ## - ADDED ENTRY ELEMENTS (KOHA) | |
| Source of classification or shelving scheme | Dewey Decimal Classification |
| Koha item type | Books |
| Withdrawn status | Lost status | Source of classification or shelving scheme | Damaged status | Not for loan | Collection code | Home library | Current library | Date acquired | Total Checkouts | Full call number | Barcode | Date last seen | Price effective from | Koha item type |
|---|---|---|---|---|---|---|---|---|---|---|---|---|---|---|
| Dewey Decimal Classification | Non-fiction | Harvest Mission College | Harvest Mission College | 09.11.2019 | 232.1 R947J | 010134 | 09.11.2019 | 09.11.2019 | Books |
